000 00456nam a22001817a 4500
005 20260123115257.0
008 260123b |||||||| |||| 00| 0 eng d
020 _a9789393330659
041 _aENGLISH
082 _a616.01
100 _aANANTHANARAYAN
245 _aANANTHANARAYAN & PANIKERS TEXTBOOK OF MICROBIOLOGY
250 _a3RD 2024
260 _aMUMBAI
_bUNIVERSITES PRESS
_c2024
300 _a776
365 _aRS
_b1345.50
942 _cBK
999 _c1215215
_d1215215